| 000 | 00382nam a22001337a 4500 | ||
|---|---|---|---|
| 020 | _a9788171883707 | ||
| 082 | _a630.954 STA.22 | ||
| 100 | _aBharat Ramaswami | ||
| 100 | _aShamika Ravi | ||
| 245 | _aState of the Indian Farmer A Millennium Study:Vol.22 Risk Management | ||
| 260 |
_aNew Delhi _bMinistry of Agriculture,Government of India _c2004 |
||
| 300 | _a158 | ||
| 942 | _cBK | ||
| 999 |
_c373741 _d373741 |
||